000 00932nam a2200241 a 4500
001 44008
003 BD-RjUL
005 20211209053802.0
008 160712s1981 bg ||||| |||| 00| 0 ben d
020 _c: Tk. 70.00
035 _a(BD-RjUL)44126
040 _aBD-RjUL
_bben
_cBD-RjUL
041 _aben
082 _223
_a338.5
_bCHB 1981
100 _aচক্রবর্তী, মনতোষ
_9135178
245 1 0 _aব্যষ্টিক অর্থনীতি :
_bবর্ণনামূলক ও গাণিতিক বিশ্লেষণ /
_cমনতোষ চক্রবর্তী
250 _a২য় সং.
260 _aঢাকা :
_bমিসেস আর চৌধুরী,
_c১৯৮১
300 _aঅন্যান্য পৃ. ;
_c১৯ সেমি.
650 _aব্যষ্টিক অর্থনীতি
_9135179
650 _aMicroeconomics.
_9135180
942 _2ddc
_cBK
999 _c44008
_d44008